000 00471nam a2200145Ia 4500
008 100122s9999 xx 000 0 und d
082 _b11326
_a891.21
100 _aआठवले रा ब
245 _aप्राचीन साहित्य
260 _bरघुनाथ गणेश जोशी
_c1944
300 _a100
630 _aप्राचीन साहित्य
730 _aप्राचीन साहित्य
942 _cBOOK
999 _c402729
_d402726